La política

محفوظ في:
التفاصيل البيبلوغرافية
المؤلف الرئيسي: Aristóteles, 384 a.C.- 322 a.C (مؤلف)
التنسيق: كتاب
اللغة:الإسبانية
منشور في: Bogotá Panamericana 1998
الطبعة:5a. ed
الموضوعات:
الوسوم: إضافة وسم
لا توجد وسوم, كن أول من يضع وسما على هذه التسجيلة!

MARC

LEADER 00000nam a2200000 a 4500
001 UCM2041
003 CL-VaPUC
008 020419e19980000CK |||||||||||||||||spa|d
082 0 4 |a 185  |b ARI  |2 21 
100 |a Aristóteles,  |d 384 a.C.- 322 a.C.  |e author  |9 194 
245 1 3 |a La política 
250 |a 5a. ed 
300 |a 238 p 
942 |c BK 
945 |d 20020419 00:00:00  |a cmena 
260 |a Bogotá  |b Panamericana  |c 1998 
650 0 |a Filosofía antigua   |9 255705 
650 0 |a Política  |9 255312 
583 |a last modification  |c 20020419 00:00:00  |k Rodrigo Vera 
999 |c 300130  |d 300128 
952 |0 0  |1 0  |4 0  |6 185_000000000000000_ARI_1998  |7 0  |8 R  |9 357462  |a BIBHIS  |b BIBHIS  |d 2019-11-21  |i 3809021  |l 1  |o 185 ARI 1998  |p 3809021  |r 2024-01-30  |s 2023-03-31  |w 2019-11-21  |y BK_R  |k HIS